| 000 | 00698pam a2200229 a 4500 | ||
|---|---|---|---|
| 005 | 20260322212012.0 | ||
| 008 | data | ||
| 010 | _a 94005694 | ||
| 020 |
_a0849934915 (pbk.) : _c{dollar}10.99 |
||
| 020 |
_a9780849934919 (pbk.) : _c{dollar}10.99 |
||
| 040 |
_aDLC _cDLC _dDLC |
||
| 050 | 0 | 0 |
_aBT77 _b.A46 1994 |
| 082 | 0 | 0 |
_a230 _220 |
| 092 | _a230 A46 1994 | ||
| 100 | 1 |
_aAnders, Max E., _d1947- |
|
| 245 | 1 | 0 |
_a30 days to understanding what Christians believe / _cMax E. Anders. |
| 260 |
_aDallas : _bWord Pub., _cc1994. |
||
| 300 |
_axii, 263 p. : _bill. ; _c23 cm. |
||
| 650 | 0 |
_aTheology, Doctrinal _xPopular works. |
|
| 740 | 0 | _aThirty days to understanding what Christians believe. | |
| 001 | data | ||
| 999 |
_c260 _d260 |
||